000 02885nam0a2200409 i 4500
001 RU\NLR\BIBL_A\012751806
005 20260407100328.0
035 _a(NLR Aleph) 012751806
090 _a13034622
_c13034622
100 _a20220405d2011 k y0rusy50 ca
101 0 _arus
102 _aLV
_aRU
105 _aac||b|||000zy
181 0 _ab3
_bxb2e
181 0 _ai1
_baxxe
182 0 _an
200 1 _aСветлые лики
_eиконопись XVI-XX вв. и религиозная живопись XVIII-XXI вв.
_eвыставка, [2011 г.
_eиз коллекции рижской галереи "ID"]
_fГосударственный художественный музей Алтайского края [и др.]
203 _aИзображение
_aТекст
_bвизуальные
_cнепосредственные
210 _a[Рига]
_cPersonal art collections service exhibition hall ID
_a[Барнаул и др.]
_cГосударственный художественный музей Алтайского края [и др.]
_d2011
215 _a[16] с.
_cцв. ил., портр.
_d21х28
601 0 2 _aГосударственный художественный музей Алтайского края
_cБарнаул, город
_xВыставки
_z2011
_92511613
_3RU\NLR\AUTH\6601703900
601 0 2 _aГалерея сервиса частных коллекций "ID"
_cРига, город; Латвия
_xКоллекция изобразительного искусства
_xВыставки
_yБарнаул, город (Алтайский край)
_z2011
_92511627
_3RU\NLR\AUTH\6601703907
606 1 _aИконопись русская
_xВыставки
_yБарнаул, город (Алтайский край)
_z2011
_92511622
_3RU\NLR\AUTH\6601703904
606 1 _aИзобразительное искусство христианское
_xВыставки
_yРоссия
_yБарнаул, город (Алтайский край)
_z2011
_92511628
_3RU\NLR\AUTH\6601703908
686 1 _aЩ101.3(2Р)-2Барнаул2 Худ. музей Алт. края л62
686 1 _aЩ101.3(4Лат)-2Рига2 Галерея сервиса частных коллекций "ID" л62
686 1 _aЩ143(2Р=Рус)-465.6л62
686 1 _aЩ143(2Р=Рус)л62
711 0 2 _aГалерея сервиса частных коллекций "ID"
_cРига
_9792590
_3RU\NLR\AUTH\880562724
711 1 2 _a"Светлые лики", выставка
_eБарнаул и др.
_f2011
_9792596
_3RU\NLR\AUTH\880562727
712 0 2 _4570
_aГосударственный художественный музей Алтайского края
_cБарнаул
_3RU\NLR\AUTH\8810054534
_9609579
942 _cBOOK
980 _aNBR